[Event "III Open I like Elo"]
[Site "Roma ITA"]
[Date "2009.03.18"]
[Round "2"]
[White "Gerlando, Onofrio"]
[Black "Sermoneta, Eugenio"]
[Result "0-1"]
[WhiteElo "1668"]
[BlackElo "1784"]
[PlyCount "74"]
[EventDate "2009.03.11"]

1. e4 Nf6 2. Nc3 e5 3. Bc4 Nc6 4. Nf3 Bc5 5. h3 O-O 6. d3 h6 7. a3 a5 8. Na4
Ba7 9. Bd2 d5 10. exd5 Nxd5 11. Nc3 Be6 12. Bb5 Qd6 13. Ne4 Qe7 14. Bxc6 bxc6
15. Nxe5 Bf5 16. Nxc6 Qe6 17. Nxa7 Bxe4 18. dxe4 Qxe4+ 19. Be3 Nxe3 20. fxe3
Qxe3+ 21. Qe2 Qxa7 22. O-O-O Rfe8 23. Qc4 Rad8 24. Rhf1 Rxd1+ 25. Rxd1 Qf2 26.
Qd5 Re2 27. Qd8+ Kh7 28. Qxc7 Qxg2 29. Qc3 Qg5+ 30. Kb1 Re3 31. Qc8 Qb5 32. c4
Qh5 33. Qd7 Rxh3 34. Rd5 Qf3 35. Rxa5 Qf1+ 36. Ka2 Qxc4+ 37. b3 Qc2+ 0-1

[Event "III Open I like Elo"]
[Site "Roma ITA"]
[Date "2009.03.18"]
[Round "2"]
[White "Maggi, Luigi"]
[Black "Gardon, Ermanno"]
[Result "1/2-1/2"]
[WhiteElo "1864"]
[BlackElo "2144"]
[PlyCount "85"]
[EventDate "2009.03.11"]

1. c4 Nf6 2. Nc3 g6 3. e4 d6 4. d4 Bg7 5. Nge2 c6 6. Ng3 a6 7. a4 a5 8. Be2 Na6
9. Be3 O-O 10. O-O e5 11. f4 exf4 12. Bxf4 h6 13. Qd2 Kh7 14. Rad1 Qe7 15. e5
dxe5 16. Bxe5 c5 17. Rde1 Qd8 18. Bf3 cxd4 19. Qxd4 Qxd4+ 20. Bxd4 Nb4 21. Bxb7
Bxb7 22. Bxf6 Bxf6 23. Rxf6 Kg7 24. Rb6 Ba6 25. Nb5 Rac8 26. b3 Rfd8 27. h3 Rd3
28. Ne4 Rxb3 29. Nbd6 Rc6 30. Rxc6 Nxc6 31. Nc5 Rb6 32. Nxa6 Rxa6 33. c5 Nd8
34. Re7 Rc6 35. Re8 Ne6 36. Re7 Nxc5 37. Nxf7 Kf6 38. Nd8 Rb6 39. Ra7 Nb3 40.
Nb7 Rb4 41. Nxa5 Rxa4 42. Nc6 Rxa7 43. Nxa7 1/2-1/2

[Event "III Open I like Elo"]
[Site "Roma ITA"]
[Date "2009.03.18"]
[Round "2"]
[White "Marino, Giovanni"]
[Black "Marigliani, Cristiano"]
[Result "1/2-1/2"]
[WhiteElo "1969"]
[BlackElo "1817"]
[PlyCount "37"]
[EventDate "2009.03.11"]

1. b3 d5 2. Nf3 Nf6 3. Bb2 Bf5 4. c4 e6 5. g3 Bd6 6. Bg2 O-O 7. O-O Nbd7 8. d3
h6 9. Nbd2 c6 10. Re1 Bh7 11. e4 dxe4 12. dxe4 e5 13. Qc2 Qc7 14. Rad1 Rad8 15.
Nf1 Nc5 16. Nh4 Ne6 17. Nf5 Bc5 18. b4 Bd4 19. N1e3 1/2-1/2

[Event "III Open I like Elo"]
[Site "Roma ITA"]
[Date "2009.03.18"]
[Round "2"]
[White "Occhioni, Edmondo"]
[Black "Felici, Ettore"]
[Result "0-1"]
[WhiteElo "1874"]
[BlackElo "1691"]
[PlyCount "64"]
[EventDate "2009.03.11"]

1. e4 e5 2. Nf3 d6 3. d4 Nd7 4. Bc4 c6 5. dxe5 dxe5 6. Bxf7+ Kxf7 7. Nxe5+ Ke8
8. Qh5+ g6 9. Nxg6 Ngf6 10. Qh4 Rg8 11. Nxf8 Rxf8 12. O-O Ne5 13. Bg5 Ng6 14.
Qg3 Nh5 15. Qe3 Qb6 16. Qd2 Nhf4 17. Nc3 Ne6 18. Be3 Qd8 19. Qe2 Nef4 20. Qc4
Be6 21. Qa4 Bh3 22. Rfd1 Qg5 23. g3 Ne5 24. Bxf4 Rxf4 25. Nd5 Nf3+ 26. Kh1 Rf7
27. Ne3 Ne5 28. f4 Qh6 29. Qa3 Qh5 30. Nf5 Rxf5 31. exf5 Qe2 32. Rg1 Qe4+ 0-1

[Event "III Open I like Elo"]
[Site "Roma ITA"]
[Date "2009.03.18"]
[Round "2"]
[White "Quimi, Marco"]
[Black "Pala, Giorgio"]
[Result "1-0"]
[WhiteElo "2245"]
[BlackElo "1962"]
[PlyCount "111"]
[EventDate "2009.03.11"]

1. d4 Nf6 2. Nf3 d5 3. Bf4 c5 4. e3 Nc6 5. c3 Qb6 6. Qc1 Bf5 7. Nbd2 Nh5 8. Be5
f6 9. Bg3 Nxg3 10. hxg3 g5 11. Be2 O-O-O 12. dxc5 Qxc5 13. Nd4 Nxd4 14. cxd4
Qxc1+ 15. Rxc1+ Kb8 16. g4 Bg6 17. Nb3 e5 18. a3 Bd6 19. Kd2 Rc8 20. Bd3 e4 21.
Bb5 Rxc1 22. Nxc1 Rd8 23. Ne2 f5 24. gxf5 Bxf5 25. Nc3 Bf8 26. Ba4 h6 27. Bb3
Be6 28. Nxe4 Bg7 29. Nc3 a6 30. Ke2 Kc7 31. f3 Kd6 32. Na4 Bd7 33. Nc5 Bb5+ 34.
Kf2 Rb8 35. Rc1 b6 36. Na4 Bd7 37. Nc3 Bc6 38. Ne2 Rf8 39. g4 Bd7 40. Kg2 Re8
41. Kf2 Rf8 42. Rg1 Bb5 43. Ng3 Bd7 44. Nh5 Bh8 45. Bc2 Rc8 46. Bd3 Bb5 47. Bb1
a5 48. Ng3 Bd7 49. Rh1 Bg7 50. Bf5 Bf8 51. Ke2 Bb5+ 52. Kd2 Rc6 53. e4 Rc4 54.
e5+ Kc6 55. Ke3 Ba4 56. Bd3 1-0

[Event "III Open I like Elo"]
[Site "Roma ITA"]
[Date "2009.03.18"]
[Round "2"]
[White "Roberti, Bruno"]
[Black "Foschini, Andrea"]
[Result "0-1"]
[WhiteElo "1990"]
[BlackElo "1834"]
[PlyCount "122"]
[EventDate "2009.03.11"]

1. e4 c5 2. Nf3 e6 3. b3 d5 4. exd5 exd5 5. Bb5+ Nc6 6. O-O Nf6 7. Re1+ Be7 8.
Qe2 h6 9. Bb2 Be6 10. Ne5 Qd6 11. d4 O-O 12. Bxc6 bxc6 13. dxc5 Qc7 14. Bd4
Rfe8 15. Qa6 Rac8 16. Nd2 Bf5 17. Nd3 Ng4 18. Nf3 Be4 19. Nde5 Nxe5 20. Nxe5
Bxc2 21. Qe2 Be4 22. Rac1 Bf6 23. f4 a5 24. Qg4 Re6 25. Re3 Rce8 26. Rh3 Kh7
27. Re1 Qe7 28. Rg3 Bxe5 29. Bxe5 Qxc5+ 30. Kh1 Rg6 31. Qh4 Rxg3 32. Qxg3 f6
33. Qc3 Qe7 34. Bd4 Bxg2+ 35. Kxg2 Qxe1 36. Qxe1 Rxe1 37. Kf2 Re4 38. Bc3 a4
39. Kf3 Kg6 40. Bd2 Kf5 41. h4 h5 42. Be3 axb3 43. axb3 d4 44. Bd2 d3 45. b4
Re2 46. Be3 Rb2 47. Bc5 d2 48. Ke2 Kxf4 49. Be3+ Ke4 50. Bc5 g5 51. Be7 d1=Q+
52. Kxd1 g4 53. Bxf6 Rxb4 54. Ke2 Ra4 55. Kf2 Ra2+ 56. Kg1 Kf3 57. Be5 Re2 58.
Bd6 g3 59. Bb4 Rb2 60. Be1 Rb1 61. Kf1 Ra1 0-1

[Event "III Open I like Elo"]
[Site "Roma ITA"]
[Date "2009.03.18"]
[Round "2"]
[White "Ruotolo, Claudio"]
[Black "Gamberale, Francesco"]
[Result "1-0"]
[WhiteElo "1757"]
[BlackElo "1425"]
[PlyCount "55"]
[EventDate "2009.03.11"]

1. c4 e5 2. Nc3 Nf6 3. g3 d5 4. cxd5 Nxd5 5. Bg2 Be6 6. Nf3 f6 7. d3 c6 8. O-O
Nd7 9. a3 a5 10. Qc2 Be7 11. Bd2 O-O 12. d4 Nxc3 13. Bxc3 exd4 14. Nxd4 Bf7 15.
Rfd1 Qc7 16. Nf5 Bc5 17. Qe4 Ne5 18. Bxe5 fxe5 19. Qg4 Bg6 20. Rd7 Qb6 21.
Rxg7+ Kh8 22. Rxg6 hxg6 23. Qxg6 Qc7 24. Be4 Qf7 25. Qh6+ Qh7 26. Qg5 Bxf2+ 27.
Kg2 Be3 28. Qg4 1-0

[Event "III Open I like Elo"]
[Site "Roma ITA"]
[Date "2009.03.18"]
[Round "2"]
[White "Sellitto, Pietro"]
[Black "Tognotti, Andrea"]
[Result "1-0"]
[WhiteElo "1467"]
[BlackElo "1609"]
[PlyCount "74"]
[EventDate "2009.03.11"]

1. d4 d5 2. c4 c6 3. e3 Nf6 4. Nc3 Bf5 5. Bd3 Bxd3 6. Qxd3 e6 7. a3 Bd6 8. Nf3
O-O 9. O-O Nbd7 10. c5 Bc7 11. e4 dxe4 12. Nxe4 Nd5 13. Neg5 N7f6 14. Ne4 Nxe4
15. Qxe4 Nf6 16. Qh4 Qd5 17. Be3 Bd8 18. Ng5 h6 19. Nf3 Ne4 20. Qg4 Ng5 21.
Nxg5 Bxg5 22. b4 f5 23. Qf3 Qxf3 24. gxf3 Bf6 25. Rad1 Rad8 26. f4 Rd7 27. Rd3
Rfd8 28. Rfd1 g5 29. fxg5 hxg5 30. f4 gxf4 31. Bxf4 Bxd4+ 32. Kh1 e5 33. Bxe5
Bxe5 34. Rxd7 Rb8 35. Rg1+ Kf8 36. Rg5 Ke8 37. Rh7 Kf8 1-0

[Event "III Open I like Elo"]
[Site "Roma ITA"]
[Date "2009.03.18"]
[Round "2"]
[White "Sicilia, Antonino"]
[Black "Mazza, Maurizio"]
[Result "0-1"]
[WhiteElo "1410"]
[BlackElo "1711"]
[PlyCount "68"]
[EventDate "2009.03.11"]

1. Nf3 d5 2. d4 Nf6 3. Nbd2 Bf5 4. e3 Nbd7 5. c4 e6 6. c5 c6 7. b4 Be7 8. h3
O-O 9. Ne5 Nxe5 10. dxe5 Ne4 11. Nxe4 Bxe4 12. Bd3 Bxg2 13. Rh2 Be4 14. Be2 a5
15. Bd2 Qc7 16. Bc3 axb4 17. Bd4 Qa5 18. Kf1 Bxc5 19. Bb2 Be7 20. h4 c5 21. f3
Bf5 22. Kf2 c4 23. e4 dxe4 24. Bxc4 Rfd8 25. Qe2 Bc5+ 26. Kg3 e3 27. Rg2 Rd2
28. Qf1 Rad8 29. Bb3 Rxg2+ 30. Qxg2 Rd2 31. Qf1 Rxb2 32. Bc4 Qc7 33. Rd1 Rf2
34. Qe1 Qxe5+ 0-1

[Event "III Open I like Elo"]
[Site "Roma ITA"]
[Date "2009.03.18"]
[Round "2"]
[White "Testa, Adriano"]
[Black "Giuliani, Sante"]
[Result "1-0"]
[WhiteElo "2124"]
[BlackElo "1935"]
[PlyCount "103"]
[EventDate "2009.03.11"]

1. e4 d5 2. exd5 Qxd5 3. Nc3 Qa5 4. Bc4 c6 5. d4 Nf6 6. Bd2 Bf5 7. Qe2 e6 8. d5
cxd5 9. Nxd5 Qd8 10. Nxf6+ Qxf6 11. O-O-O Ba3 12. c3 Bd6 13. Be3 Qe7 14. Bb5+
Nc6 15. g4 Be4 16. f3 a6 17. Ba4 Bg6 18. Bxc6+ bxc6 19. Qc4 Qc7 20. Ne2 O-O 21.
Bc5 Bxc5 22. Qxc5 Rab8 23. h4 h6 24. h5 Bh7 25. Rd6 Rb5 26. Qxc6 Qb8 27. Rd2
Rb6 28. Qc4 Qb7 29. Qf4 Qe7 30. Qd4 Rb5 31. Qd6 Qg5 32. Rhd1 Qe3 33. Qf4 Qc5
34. Rd8 e5 35. Qd2 Rb8 36. Rxb8 Rxb8 37. Qd8+ Rxd8 38. Rxd8+ Qf8 39. Rxf8+ Kxf8
40. Ng3 g6 41. hxg6 Bxg6 42. c4 Ke7 43. Kd2 Ke6 44. b4 Bb1 45. a4 Kd6 46. Nf5+
Bxf5 47. gxf5 h5 48. Ke2 e4 49. fxe4 Ke5 50. Kf3 h4 51. b5 a5 52. Kg4 1-0

[Event "III Open I like Elo"]
[Site "Roma ITA"]
[Date "2009.03.18"]
[Round "2"]
[White "Zacchia, Marco"]
[Black "Bogosaljevic, Miodrag"]
[Result "0-1"]
[WhiteElo "1487"]
[BlackElo "2030"]
[PlyCount "60"]
[EventDate "2009.03.11"]

1. d4 d5 2. Nf3 c6 3. g3 Nf6 4. Bg2 Bf5 5. O-O Nbd7 6. c3 e6 7. Bg5 Qc7 8. Bxf6
Nxf6 9. Nbd2 Bd6 10. Re1 O-O 11. Nh4 Bg4 12. Qb3 c5 13. e4 cxd4 14. cxd4 dxe4
15. Rac1 Qd7 16. Nxe4 Be7 17. d5 Nxd5 18. Nf3 Bxf3 19. Bxf3 Rfc8 20. Qd3 Rxc1
21. Rxc1 Rc8 22. Rd1 Qc7 23. a3 b6 24. h4 g6 25. h5 gxh5 26. Bxh5 Qe5 27. Bf3
Qxb2 28. Kg2 Rc2 29. Nd2 Qc3 30. Ne4 Ne3+ 0-1

[Event "III Open I like Elo"]
[Site "Roma ITA"]
[Date "2009.03.25"]
[Round "3"]
[White "Bogosaljevic, Miodrag"]
[Black "Maggi, Luigi"]
[Result "0-1"]
[WhiteElo "2030"]
[BlackElo "1864"]
[PlyCount "88"]
[EventDate "2009.03.11"]

1. d4 d5 2. Nf3 c5 3. dxc5 e6 4. Bg5 Qa5+ 5. c3 Qxc5 6. e3 Nc6 7. b4 Qb6 8. a4
a6 9. Nbd2 Nf6 10. Be2 Be7 11. O-O O-O 12. Qb3 Bd7 13. b5 Na5 14. Qb1 h6 15.
Bf4 Bd6 16. Bxd6 Qxd6 17. c4 axb5 18. axb5 Nxc4 19. Nxc4 dxc4 20. Bxc4 Rxa1 21.
Qxa1 Qc5 22. Qa4 Rc8 23. Be2 Nd5 24. Nd4 Nc3 25. Qc2 Nxe2+ 26. Qxe2 e5 27. Nb3
Qxb5 28. Qxb5 Bxb5 29. Rc1 Rxc1+ 30. Nxc1 Bc4 31. f3 Kf8 32. Kf2 Ke7 33. Ke1
Kd6 34. Kd2 Kc5 35. Kc3 f5 36. h4 g5 37. hxg5 hxg5 38. g3 f4 39. gxf4 gxf4 40.
Nd3+ Bxd3 41. Kxd3 fxe3 42. Kxe3 Kd5 43. f4 exf4+ 44. Kxf4 Kd4 0-1

[Event "III Open I like Elo"]
[Site "Roma ITA"]
[Date "2009.03.25"]
[Round "3"]
[White "Castelfranchi, Carlo"]
[Black "Quimi, Marco"]
[Result "1/2-1/2"]
[WhiteElo "2081"]
[BlackElo "2245"]
[PlyCount "21"]
[EventDate "2009.03.11"]

1. e4 g6 2. d4 Bg7 3. Nc3 d6 4. Bc4 c6 5. Qe2 b5 6. Nxb5 cxb5 7. Bd5 Qb6 8.
Bxa8 Bxd4 9. c3 Bg7 10. Bd5 Nf6 11. Be3 1/2-1/2

[Event "III Open I like Elo"]
[Site "Roma ITA"]
[Date "2009.03.25"]
[Round "3"]
[White "De Maria, Isaia"]
[Black "Colantonio, Marco"]
[Result "1-0"]
[WhiteElo "1884"]
[BlackElo "1695"]
[PlyCount "49"]
[EventDate "2009.03.11"]

1. e4 d6 2. d4 Nf6 3. Nc3 g6 4. Nf3 Bg7 5. Be2 O-O 6. O-O Nbd7 7. Bg5 c5 8. d5
a6 9. a4 b6 10. Qd2 Re8 11. Bh6 Bh8 12. h3 Ne5 13. Nxe5 dxe5 14. f4 exf4 15.
Qxf4 e5 16. Qg3 Qd6 17. Rf2 Ra7 18. Raf1 Rc7 19. Bg5 Nxd5 20. Nxd5 Rd7 21. Bf6
Bb7 22. Bxh8 Bxd5 23. exd5 Qxd5 24. Bf6 c4 25. Qg5 1-0

[Event "III Open I like Elo"]
[Site "Roma ITA"]
[Date "2009.03.25"]
[Round "3"]
[White "Foschini, Andrea"]
[Black "Bonaposta, Fabrizio"]
[Result "0-1"]
[WhiteElo "1834"]
[BlackElo "2044"]
[PlyCount "36"]
[EventDate "2009.03.11"]

1. e4 c5 2. Nf3 Nc6 3. d4 cxd4 4. Nxd4 g6 5. Nc3 Bg7 6. Be3 Nf6 7. Be2 O-O 8.
O-O d5 9. Nxc6 bxc6 10. e5 Nd7 11. f4 Qa5 12. a3 Ba6 13. b4 Bxe2 14. Qxe2 Qc7
15. Na4 a5 16. Bc5 f6 17. Bxe7 Rfe8 18. Bd6 Qxd6 0-1

[Event "III Open I like Elo"]
[Site "Roma ITA"]
[Date "2009.03.25"]
[Round "3"]
[White "Gamberale, Francesco"]
[Black "Capitani, Roberto"]
[Result "1-0"]
[WhiteElo "1425"]
[BlackElo "1606"]
[PlyCount "29"]
[EventDate "2009.03.11"]

1. d4 Nf6 2. c4 e6 3. Nc3 d5 4. e3 Be7 5. Nf3 c5 6. Bd3 Nbd7 7. cxd5 Nxd5 8.
Nxd5 exd5 9. dxc5 Nxc5 10. Bc2 O-O 11. Qd4 Be6 12. O-O Qc7 13. b4 Nd7 14. Qd3
Bf6 15. Qxh7# 1-0

[Event "III Open I like Elo"]
[Site "Roma ITA"]
[Date "2009.03.25"]
[Round "3"]
[White "Gardon, Ermanno"]
[Black "Sellitto, Pietro"]
[Result "1-0"]
[WhiteElo "2144"]
[BlackElo "1467"]
[PlyCount "59"]
[EventDate "2009.03.11"]

1. Nf3 g6 2. g3 d5 3. Bg2 Nf6 4. b4 e6 5. Bb2 Bxb4 6. c4 dxc4 7. Qa4+ Nc6 8.
Ne5 O-O 9. Nxc6 bxc6 10. Qxb4 Nd5 11. Qxc4 Rb8 12. Ba3 Qf6 13. Nc3 Rd8 14. O-O
Nb6 15. Qc5 Ba6 16. Ne4 Qd4 17. Qxd4 Rxd4 18. Nf6+ Kg7 19. Bb2 Kxf6 20. Bxd4+
Ke7 21. d3 Rd8 22. Bc5+ Kd7 23. Rfc1 Bb7 24. a4 a5 25. Rab1 Nxa4 26. Rxb7 Nxc5
27. Rxc5 Ra8 28. Rxc6 a4 29. Rcxc7+ Ke8 30. Re7+ 1-0

[Event "III Open I like Elo"]
[Site "Roma ITA"]
[Date "2009.03.25"]
[Round "3"]
[White "Giuliani, Sante"]
[Black "Barbieri, Massimiliano"]
[Result "1-0"]
[WhiteElo "1935"]
[BlackElo "1296"]
[PlyCount "61"]
[EventDate "2009.03.11"]

1. Nf3 d5 2. g3 Nf6 3. Bg2 e6 4. d3 Be7 5. O-O O-O 6. Nbd2 c5 7. Re1 Nc6 8. c3
b5 9. e4 dxe4 10. dxe4 Bb7 11. e5 Nd5 12. Qe2 a6 13. Nf1 Rb8 14. h4 h6 15. N1h2
c4 16. Qe4 Na5 17. Qg4 Kh7 18. Qh5 f5 19. Ng5+ Kg8 20. Nxe6 Qb6 21. Nxf8 Rxf8
22. Qe2 f4 23. Bxd5+ Bxd5 24. Bxf4 Bc5 25. Be3 Bxe3 26. Qxe3 Qc6 27. e6 Bh1 28.
f3 Bxf3 29. e7 Re8 30. Nxf3 Qd6 31. Qe6+ 1-0

[Event "III Open I like Elo"]
[Site "Roma ITA"]
[Date "2009.03.25"]
[Round "3"]
[White "Iacoacci, Giancarlo"]
[Black "Di Mauro, Giuseppe"]
[Result "1-0"]
[WhiteElo "1745"]
[BlackElo "1943"]
[PlyCount "59"]
[EventDate "2009.03.11"]

1. d4 Nf6 2. Nf3 e6 3. Bf4 c5 4. e3 d5 5. Bd3 Nc6 6. c3 cxd4 7. exd4 Be7 8. O-O
O-O 9. Nbd2 b6 10. Ne5 Bb7 11. Qf3 Nd7 12. Qh3 Nf6 13. Rfe1 Qc8 14. Ndf3 Re8
15. Ng5 g6 16. Ngxf7 Nxe5 17. Nh6+ Kf8 18. Bxe5 Bd8 19. Qf3 Kg7 20. Qh3 Qd7 21.
Re3 Bc8 22. Rf3 Rf8 23. g4 g5 24. Qh5 Kh8 25. Qxg5 Qg7 26. Qxg7+ Kxg7 27. g5
Bd7 28. Ng4 Be8 29. gxf6+ Kg8 30. Nh6+ 1-0

[Event "III Open I like Elo"]
[Site "Roma ITA"]
[Date "2009.03.25"]
[Round "3"]
[White "Maggi, Fabrizio"]
[Black "Ruotolo, Claudio"]
[Result "1-0"]
[WhiteElo "2039"]
[BlackElo "1757"]
[PlyCount "94"]
[EventDate "2009.03.11"]

1. c4 c5 2. Nf3 Nf6 3. Nc3 Nc6 4. d4 cxd4 5. Nxd4 g6 6. e4 d6 7. Be2 Bg7 8. Be3
O-O 9. O-O Nd7 10. Qd2 a6 11. Rac1 Nxd4 12. Bxd4 Bxd4 13. Qxd4 Qb6 14. Qd2 Nf6
15. Rfd1 Be6 16. b3 Rac8 17. h3 Kg7 18. Qb2 Kg8 19. Na4 Qa7 20. Bd3 Bd7 21. Nc3
Bc6 22. Re1 Nd7 23. Kh1 Nc5 24. Bf1 Ne6 25. Rcd1 b5 26. cxb5 axb5 27. Bxb5 Bxb5
28. Nxb5 Qc5 29. a4 Qc2 30. Rd2 Qxb2 31. Rxb2 Nc5 32. Re3 Rb8 33. f3 Rfd8 34.
Rc2 Rd7 35. Rec3 e6 36. Rd2 Rdd8 37. e5 Nb7 38. exd6 Kf8 39. b4 Rd7 40. Rc7 Ke8
41. Kg1 Kd8 42. Kf2 Rxd6 43. Nxd6 Kxc7 44. Nxf7 h6 45. Ke3 h5 46. h4 Rf8 47.
Ng5 Nd8 1-0

[Event "III Open I like Elo"]
[Site "Roma ITA"]
[Date "2009.03.25"]
[Round "3"]
[White "Marigliani, Cristiano"]
[Black "Roberti, Bruno"]
[Result "1/2-1/2"]
[WhiteElo "1817"]
[BlackElo "1990"]
[PlyCount "127"]
[EventDate "2009.03.11"]

1. e4 e5 2. Nf3 Nc6 3. Bb5 Nf6 4. O-O Nxe4 5. Re1 Nd6 6. Bxc6 dxc6 7. Nxe5 Be7
8. d4 O-O 9. Nc3 Be6 10. Qd3 Re8 11. Bf4 Nf5 12. Rad1 Bb4 13. a3 Bxc3 14. Qxc3
Ne7 15. Qd2 Nd5 16. Bg3 f6 17. Nf3 Qd7 18. c4 Nb6 19. b3 Rad8 20. Qf4 Qd6 21.
Qxd6 cxd6 22. Re3 d5 23. c5 Nc8 24. Rde1 Bf7 25. Rxe8+ Rxe8 26. Rxe8+ Bxe8 27.
Kf1 Ne7 28. Ke2 Bh5 29. Bf4 Nf5 30. Be3 Nh4 31. Kd3 Bxf3 32. gxf3 Nxf3 33. Bf4
Kf7 34. Ke3 Nh4 35. Bb8 a6 36. Bc7 Nf5+ 37. Kd3 Ke6 38. Bb8 g5 39. h3 h5 40. f3
Nh4 41. Ke2 Kf5 42. Bg3 Ng6 43. Ke3 Nf8 44. Kd3 Ne6 45. Ke3 Kg6 46. Bh2 f5 47.
f4 g4 48. h4 Kf7 49. Bg3 Ke7 50. Kd3 Kd7 51. a4 Kc7 52. b4 b6 53. a5 b5 54. Ke3
Ng7 55. Bh2 Ne8 56. Bg3 Nf6 57. Be1 Ne4 58. Kd3 Kd7 59. Ke3 Ke6 60. Ke2 Nf6 61.
Bg3 Nd7 62. Kd3 Nf8 63. Ke2 Kf6 64. Ke3 1/2-1/2

[Event "III Open I like Elo"]
[Site "Roma ITA"]
[Date "2009.03.25"]
[Round "3"]
[White "Migliozzi, Giuseppe"]
[Black "Belli, Alessandro"]
[Result "1-0"]
[WhiteElo "1732"]
[BlackElo "1517"]
[PlyCount "97"]
[EventDate "2009.03.11"]

1. Nf3 Nf6 2. b3 e6 3. Bb2 b6 4. e3 Bb7 5. d4 d5 6. Bd3 Bd6 7. O-O O-O 8. c4
Nbd7 9. Nc3 Ne4 10. Nb5 Be7 11. cxd5 exd5 12. Rc1 c6 13. Nc3 f5 14. Ne2 Bd6 15.
Ne5 Bxe5 16. dxe5 Qe7 17. f4 Rac8 18. a4 Kh8 19. Ra1 Rg8 20. a5 b5 21. a6 Ba8
22. Ba3 Qh4 23. Bxe4 fxe4 24. Nd4 g6 25. Bb2 h5 26. Ne6 Kh7 27. Ng5+ Kh6 28.
Nxe4 c5 29. Ng5 Qg4 30. Qxg4 hxg4 31. Nf7+ Kh7 32. e6 Rcf8 33. Ng5+ Kh6 34.
exd7 Kh5 35. Ne6 Rb8 36. d8=Q Rbxd8 37. Nxd8 Rxd8 38. f5 gxf5 39. Rxf5+ Kg6 40.
Raf1 d4 41. Rf8 Rd6 42. Rxa8 d3 43. Rxa7 d2 44. Rg7+ Kh6 45. Rd1 c4 46. bxc4
bxc4 47. a7 Rd8 48. Rd7 Rc8 49. R7xd2 1-0

[Event "III Open I like Elo"]
[Site "Roma ITA"]
[Date "2009.03.25"]
[Round "3"]
[White "Pala, Giorgio"]
[Black "De Lisa, Carmine"]
[Result "0-1"]
[WhiteElo "1962"]
[BlackElo "1734"]
[PlyCount "66"]
[EventDate "2009.03.11"]

1. e4 e5 2. Nf3 Nc6 3. Bb5 a6 4. Bxc6 dxc6 5. O-O Qd6 6. d3 Ne7 7. Nbd2 b5 8.
Nb3 Bg4 9. h3 Bh5 10. Be3 Qf6 11. g4 Bg6 12. Kg2 h5 13. g5 Qe6 14. Nc5 Qd6 15.
c3 f5 16. Nxe5 Qxe5 17. f4 Qd6 18. Bd4 fxe4 19. dxe4 O-O-O 20. Qf3 Bf7 21. Nxa6
Nf5 22. Bf2 Qd2 23. Kg1 Rd3 24. Rad1 Qxd1 25. Qxd1 Rxd1 26. Rxd1 Nd6 27. Re1
Rg8 28. f5 Be7 29. g6 Be8 30. Nc5 Nb7 31. Ne6 Bd7 32. Nf4 h4 33. Nh5 Nc5 0-1

[Event "III Open I like Elo"]
[Site "Roma ITA"]
[Date "2009.03.25"]
[Round "3"]
[White "Sermoneta, Eugenio"]
[Black "Felici, Ettore"]
[Result "1/2-1/2"]
[WhiteElo "1784"]
[BlackElo "1691"]
[PlyCount "102"]
[EventDate "2009.03.11"]

1. e4 c6 2. d4 d5 3. Nc3 dxe4 4. Nxe4 Nd7 5. Bc4 Ngf6 6. Ng3 e6 7. Nf3 Be7 8.
O-O O-O 9. Re1 Qc7 10. c3 b5 11. Bb3 Bb7 12. Qe2 a6 13. Bxe6 Bd6 14. Bf5 Rae8
15. Be3 Nd5 16. Qd3 h6 17. Bxd7 Qxd7 18. Ne4 Qf5 19. Nc5 Qxd3 20. Nxd3 f6 21.
Bd2 g5 22. Rxe8 Rxe8 23. Re1 Rxe1+ 24. Nfxe1 Bc8 25. f3 Kf7 26. g3 Kg6 27. Kg2
a5 28. Nf2 f5 29. Ned3 Kf6 30. h3 Nb6 31. b3 a4 32. f4 Be6 33. Nc1 Ba3 34. Nfd3
axb3 35. Nxb3 Nc4 36. Bc1 Bxc1 37. Nbxc1 Ne3+ 38. Kf3 Nd1 39. fxg5+ hxg5 40.
Nb4 Nxc3 41. Ke3 Bd7 42. Ncd3 Be6 43. Nxc6 Bxa2 44. h4 Ne4 45. hxg5+ Kxg5 46.
Ncb4 Bc4 47. Kf3 Bxd3 48. Nxd3 Nd2+ 49. Ke2 Ne4 50. Kf3 Nd2+ 51. Ke2 Ne4
1/2-1/2

[Event "III Open I like Elo"]
[Site "Roma ITA"]
[Date "2009.03.25"]
[Round "3"]
[White "Simeone, Giulio"]
[Black "Testa, Adriano"]
[Result "0-1"]
[WhiteElo "1983"]
[BlackElo "2124"]
[PlyCount "79"]
[EventDate "2009.03.11"]

1. c4 e6 2. e4 d5 3. exd5 exd5 4. cxd5 Nf6 5. Bb5+ Nbd7 6. Nc3 Be7 7. Nf3 O-O
8. d4 Nb6 9. O-O Nbxd5 10. Bg5 Bg4 11. Re1 c6 12. Ba4 Re8 13. h3 Bh5 14. g4 Bg6
15. Ne5 Nxc3 16. bxc3 Nd5 17. Bd2 Bh4 18. Bb3 Qf6 19. Re2 Rad8 20. Qe1 Re6 21.
c4 Nc7 22. Bc3 Qg5 23. Rd1 Ree8 24. d5 cxd5 25. cxd5 Nb5 26. Bd2 Qf6 27. Ba4
Nd4 28. Bg5 Bxg5 29. Rxd4 Re7 30. Rd1 Qa6 31. Bb3 Bf4 32. Bc4 Qf6 33. Nxg6 Rxe2
34. Qxe2 hxg6 35. Qe4 Bd6 36. Rd3 Rc8 37. Rd1 Qc3 38. Bf1 Rd8 39. Qd3 Qe5 40.
Bg2 $138 0-1

[Event "III Open I like Elo"]
[Site "Roma ITA"]
[Date "2009.03.25"]
[Round "3"]
[White "Tognotti, Andrea"]
[Black "Occhioni, Edmondo"]
[Result "0-1"]
[WhiteElo "1609"]
[BlackElo "1874"]
[PlyCount "50"]
[EventDate "2009.03.11"]

1. c4 e5 2. Nc3 Nc6 3. Nf3 d6 4. g3 f5 5. d3 Nf6 6. Bg2 Be7 7. O-O O-O 8. Rb1
a6 9. Bg5 Be6 10. b4 e4 11. dxe4 fxe4 12. Bxf6 Bxf6 13. Nxe4 Bxc4 14. Nxf6+
Qxf6 15. Nd2 Bxa2 16. Ra1 Be6 17. Ne4 Qf5 18. Rb1 Rae8 19. Re1 d5 20. Nc5 Qxf2+
21. Kh1 Bf5 22. Qxd5+ Kh8 23. Rf1 Bxb1 24. Rxf2 Rxf2 25. Qd1 Rfxe2 0-1

[Event "III Open I like Elo"]
[Site "Roma ITA"]
[Date "2009.03.25"]
[Round "3"]
[White "Vannelli, Vittorio"]
[Black "Marino, Giovanni"]
[Result "1/2-1/2"]
[WhiteElo "1871"]
[BlackElo "1969"]
[PlyCount "59"]
[EventDate "2009.03.11"]

1. e4 c5 2. Nf3 d6 3. d4 cxd4 4. Nxd4 Nf6 5. Nc3 a6 6. Bc4 e6 7. Bb3 Be7 8. O-O
b5 9. Qd3 O-O 10. f4 Nbd7 11. Qe2 Nc5 12. Nc6 Qc7 13. Nxe7+ Qxe7 14. e5 Nfd7
15. Rd1 dxe5 16. fxe5 Nxb3 17. axb3 Qc5+ 18. Be3 Qxe5 19. Nxb5 f5 20. Qd3 Nf6
21. Bd4 Qb8 22. Bc5 axb5 23. Rxa8 Qxa8 24. Bxf8 Kxf8 25. Qd6+ Kf7 26. Qc7+ Kg6
27. h3 Bb7 28. Qg3+ Kf7 29. Qc7+ Kg6 30. Qg3+ 1/2-1/2

[Event "III Open I like Elo"]
[Site "Roma ITA"]
[Date "2009.03.25"]
[Round "3"]
[White "Vanzan, Alessandro"]
[Black "Zacchia, Marco"]
[Result "1-0"]
[WhiteElo "1788"]
[BlackElo "1487"]
[PlyCount "47"]
[EventDate "2009.03.11"]

1. c4 c6 2. Nc3 d5 3. cxd5 cxd5 4. d4 Nf6 5. Nf3 e6 6. g3 a6 7. Bg2 Be7 8. O-O
O-O 9. a3 b5 10. Bd2 Nbd7 11. Na2 Bb7 12. Rc1 Nb6 13. Ba5 Qd6 14. Bb4 Qd7 15.
Ne5 Qe8 16. Rc7 Bxb4 17. Rxb7 Rb8 18. Rxb8 Qxb8 19. Nxb4 Qb7 20. Nbd3 Rc8 21.
Nc5 Qa7 22. Qd2 Ne8 23. Qa5 Nc7 24. Nc6 1-0

[Event "III Open I like Elo"]
[Site "Roma ITA"]
[Date "2009.03.25"]
[Round "3"]
[White "Vertechi, Pietro"]
[Black "Castillo, Juan"]
[Result "1/2-1/2"]
[WhiteElo "1882"]
[BlackElo "1784"]
[PlyCount "129"]
[EventDate "2009.03.11"]

1. d4 Nf6 2. c4 e5 3. dxe5 Ng4 4. Bf4 Nc6 5. Nf3 Bb4+ 6. Nbd2 Qe7 7. a3 Bxd2+
8. Qxd2 Ngxe5 9. Nxe5 Nxe5 10. e3 d6 11. Be2 Bd7 12. Rc1 Bc6 13. f3 O-O 14. O-O
Rfe8 15. e4 Ng6 16. Bg3 h5 17. Rfe1 Qf6 18. Bf2 Nf4 19. Bf1 Ne6 20. b4 b6 21.
Rc3 a5 22. Rec1 axb4 23. axb4 Ra4 24. c5 dxc5 25. bxc5 b5 26. Rb3 Rea8 27. Bxb5
Ra2 28. Rc2 Rxc2 29. Qxc2 Ra1+ 30. Bf1 Nd4 31. Rb8+ Kh7 32. Qb2 Ne6 33. e5
Rxf1+ 34. Kxf1 Qf4 35. Rb4 Qg5 36. Qb1+ g6 37. Bh4 Qxe5 38. Qb2 Qxh2 39. Qf6
Be8 40. Qe7 Nf4 41. Rxf4 Qxf4 42. Qxe8 Qxh4 43. Qxf7+ Kh6 44. Qf8+ Kh7 45. Qf7+
Kh6 46. Qxc7 Qc4+ 47. Kf2 Qd4+ 48. Kg3 Qc3 49. Qe7 Qc1 50. Qf8+ Kh7 51. Qf7+
Kh8 52. Qf6+ Kh7 53. c6 g5 54. Qf7+ Kh6 55. c7 Qe1+ 56. Kh2 Qh4+ 57. Kg1 Qe1+
58. Kh2 Qh4+ 59. Kg1 Qd4+ 60. Kf1 Qd1+ 61. Kf2 Qd2+ 62. Kg3 Qe1+ 63. Kh2 Qh4+
64. Kg1 Qe1+ 65. Kh2 1/2-1/2